01002nam a2200241Ia 4500003000900000008004100009040001600050080002200066111007500088245015100163260004200314300001300356490005000369650004100419650003200460650002000492650002200512700003200534710004600566942000700612999001500619952012600634IN-BaIIA211028s9999 xx 000 0 eng d cIIA Library a52(082.1)bASS-13 aTrieste colloquium on Astrophysicsn2ndcItalyd1968 Sept. 12-1795948 0aMass loss from starsbproceedings of the second Trieste Colloquium on Astrophysics held in Italy, 12-17 September, 1968cedited by Margherita Hack aDordrechtbD. Reidel Publishingc1969 ax, 345p. aAstrophysics and Space Science Library; v. 13 aAstronomy and astrophysics thesaurus aEruptive binary stars95949 aMass loss93547 aStellar evolution aHack, Margherita, ed.95428 aAstronomical Observatory of Trieste95950 cBK c3356d3356 00104070aBANbBANcGENd1969-12-24g136.50l0o52(082.1)/ ASS-13p3731r2021-11-05v136.50w1969-12-24yBKGRs. 136.50